000
00348nam a2200133Ia 4500
008
151001s9999||||xx |||||||||||||| ||und||
100
_a
J. H. Dave
245
_a
Immortal India Vol 1
250
_a
2
260
_b
Bharatiya Vidye Bhavan
260
_c
1960
300
_a
232
365
_b
7
999
_c
952843
_d
952840